You can do it!: Practical Photography (Record no. 595851)

MARC details
000 -LEADER
fixed length control field 00420nam a2200145Ia 4500
008 - FIXED-LENGTH DATA ELEMENTS--GENERAL INFORMATION
fixed length control field 100415s9999 xx 000 0 und d
082 ## - DEWEY DECIMAL CLASSIFICATION NUMBER
Item number 12934
Classification number 771
100 ## - MAIN ENTRY--PERSONAL NAME
Personal name Thiagarajan S
245 ## - TITLE STATEMENT
Title You can do it!: Practical Photography
260 ## - PUBLICATION, DISTRIBUTION, ETC. (IMPRINT)
Place of publication, distribution, etc MADURAI
Date of publication, distribution, etc 1984
Name of publisher, distributor, etc ENNES PUBLICATIONS
365 ## - TRADE PRICE
Price amount 25
630 ## - SUBJECT ADDED ENTRY--UNIFORM TITLE
Uniform title You can do it!: Practical Photography
730 ## - ADDED ENTRY--UNIFORM TITLE
Uniform title You can do it!: Practical Photography
942 ## - ADDED ENTRY ELEMENTS (KOHA)
Koha item type Book
Holdings
Withdrawn status Lost status Damaged status Not for loan Home library Current library Date acquired Cost, normal purchase price Total Checkouts Full call number Barcode Date last seen Price effective from Koha item type
        Bombay Natural History Society Bombay Natural History Society 08/17/1994 25.00   771 12934 BNHS-12934 04/15/2010 04/15/2010 Book